Normal view
MARC view
Entry Personal Name
001 - CONTROL NUMBER
- control field: 631538
003 - CONTROL NUMBER IDENTIFIER
- control field: OSt
005 - DATE AND TIME OF LATEST TRANSACTION
- control field: 20221005122128.0
008 - FIXED-LENGTH DATA ELEMENTS
- fixed length control field: 221005|| aca||aabn | a|a d
040 ## - CATALOGING SOURCE
- Original cataloging agency: OSt
- Transcribing agency: OSt
100 ## - HEADING--PERSONAL NAME
- Personal name: International conference on publice education(Geneva)(1968)
670 ## - SOURCE DATA FOUND
- Source citation: Work cat.: (OSt)1043343: International conference on publice education(Geneva)(1968) 631537, International Bureau of Education , 1968
